000
00315pab a2200133 454500
008
180718b xxu||||| |||| 00| 0 eng d
100
_a
Sahay S.
245
_a
More about judges
362
_a
24 Sep 93, p.13
650
_a
Judges
650
_a
Justice, Administration of
773
_a
Hindustan Times
909
_a
24974
999
_c
24974
_d
24974